000 00655nam a2200205Ia 4500
001 9588
003 GE_BSU
008 181216s||||||||xx |||||||||||||| ||und||
040 _cGE_BSU
080 _a821.353.1–1
100 _aმალაზონია,ნესტორ
245 _aაპრილის ყვავილები
245 _cრედ.შ.ზოიძე, მხატვ.ლ.სეიდიშვილი
260 _aბათუმი
260 _bსაბჭოთა აჭარა
260 _c1971
300 _a140გვ.16სმ.
653 _aაპრილის ყვავილები
942 _cBK
999 _c42879
_d42879